| 000 | 00581nam a22001577a 4500 | ||
|---|---|---|---|
| 003 | NUST | ||
| 082 | _a621 | ||
| 100 |
_a MURTAZA ,HUSNAIN _9122212 |
||
| 245 |
_aStudy of granular drag force for intruder moving with nonuniform velocities using Discrete Element Method / _cHUSNAIN MURTAZA |
||
| 264 |
_aIslamabad: _bSMME- NUST. _c2020. |
||
| 300 |
_a47p. ; _bSoft Copy, _c30cm. |
||
| 650 |
_aMS Mechanical Engineering _9119495 |
||
| 700 |
_aSupervisor : DR. SYED ALI ABBAS ZAIDI _9122191 |
||
| 856 | _uhttp://10.250.8.41:8080/xmlui/handle/123456789/13154 | ||
| 942 |
_2ddc _cTHE |
||
| 999 |
_c608747 _d608747 |
||